Management
Contents: Managing and managers; The evolution of management theory; Ethics, social responsibility, and the external enviroment of organizations;...
Sparad:
| Huvudupphovsman: | |
|---|---|
| Materialtyp: | Bok |
| Språk: | Undetermined |
| Publicerad: |
London
Prentice Hall International
1978
|
| Ämnen: | |
| Taggar: |
Lägg till en tagg
Inga taggar, Lägg till första taggen!
|
| Thư viện lưu trữ: | Trung tâm Học liệu Trường Đại học Cần Thơ |
|---|
| LEADER | 00658nam a2200193Ia 4500 | ||
|---|---|---|---|
| 001 | CTU_220546 | ||
| 008 | 210402s9999 xx 000 0 und d | ||
| 082 | |a 658 | ||
| 082 | |b S877 | ||
| 100 | |a Stoner, James A.F. | ||
| 245 | 0 | |a Management | |
| 245 | 0 | |c James A. F. Stoner, Charles Wankel | |
| 260 | |a London | ||
| 260 | |b Prentice Hall International | ||
| 260 | |c 1978 | ||
| 520 | |a Contents: Managing and managers; The evolution of management theory; Ethics, social responsibility, and the external enviroment of organizations;... | ||
| 650 | |a Management,Quản trị | ||
| 904 | |i Tuyến | ||
| 980 | |a Trung tâm Học liệu Trường Đại học Cần Thơ | ||